India ; Historical Geography of the British Dependencies: (Record no. 18435)

MARC details
000 -LEADER
fixed length control field 01144cam a22003131 4500
001 - CONTROL NUMBER
control field 7317393
003 - CONTROL NUMBER IDENTIFIER
control field BDDh-ASL
005 - DATE AND TIME OF LATEST TRANSACTION
control field 20231015025716.0
008 - FIXED-LENGTH DATA ELEMENTS--GENERAL INFORMATION
fixed length control field 780620m19169999enkb b 001 0 eng
010 ## - LIBRARY OF CONGRESS CONTROL NUMBER
LC control number 21004059
035 ## - SYSTEM CONTROL NUMBER
System control number (OCoLC)3987994
040 ## - CATALOGING SOURCE
Original cataloging agency DLC
Transcribing agency MnU
Modifying agency BDDh-ASL
042 ## - AUTHENTICATION CODE
Authentication code premarc
043 ## - GEOGRAPHIC AREA CODE
Geographic area code a-ii---
050 00 - LIBRARY OF CONGRESS CALL NUMBER
Classification number JV1026
Item number .L9 vol. 7
051 ## - LIBRARY OF CONGRESS COPY, ISSUE, OFFPRINT STATEMENT
Classification number DS463
Item number .R6
082 ## - DEWEY DECIMAL CLASSIFICATION NUMBER
Classification number 911.54
Item number ROH
100 1# - MAIN ENTRY--PERSONAL NAME
Personal name Roberts, P. E.
Fuller form of name (Paul Ernest),
Dates associated with a name 1873-1949.
245 00 - TITLE STATEMENT
Title India ; Historical Geography of the British Dependencies:
Remainder of title Vol. 7, Part -1 History to the end of the East India Company/
Statement of responsibility, etc. by P. E. Roberts.
260 ## - PUBLICATION, DISTRIBUTION, ETC.
Place of publication, distribution, etc. Oxford:
Name of publisher, distributor, etc. Clarendon press,
Date of publication, distribution, etc. 1916-
300 ## - PHYSICAL DESCRIPTION
Extent v-7, iv, 415 p. :
Other physical details maps (1 fold.) ;
Dimensions 20 cm.
490 0# - SERIES STATEMENT
Series statement A historical geography of the British dependencies [by C. P. Lucas]
Volume/sequential designation vol. VII
500 ## - GENERAL NOTE
General note Paged continuously.
504 ## - BIBLIOGRAPHY, ETC. NOTE
Bibliography, etc. note Bibliographical foot-notes.
505 0# - FORMATTED CONTENTS NOTE
Formatted contents note pt. I. History to the end of the East India company.--pt. II. History under the government of the crown.
651 #0 - SUBJECT ADDED ENTRY--GEOGRAPHIC NAME
Geographic name India
General subdivision History.
906 ## - LOCAL DATA ELEMENT F, LDF (RLIN)
a 7
b cbc
c oclcrpl
d u
e ncip
f 19
g y-gencatlg
942 ## - ADDED ENTRY ELEMENTS (KOHA)
Source of classification or shelving scheme Dewey Decimal Classification
Koha item type Books
Holdings
Withdrawn status Lost status Source of classification or shelving scheme Damaged status Not for loan Collection code Home library Current library Shelving location Date acquired Source of acquisition Total Checkouts Full call number Barcode Date last seen Copy number Price effective from Koha item type
    Dewey Decimal Classification   Not For Loan Non-fiction Asiatic Society Library Asiatic Society Library Harrison Collection 09/29/2020 Donated by Prof. John B. Harrison   911.54 ROH 101625 09/29/2020 1 09/29/2020 Books

Powered by Koha